Normal view
MARC view
- Ball, Bill Smoogen, Stephen
Entry Personal Name
001 - CONTROL NUMBER
- control field: 75460
003 - CONTROL NUMBER IDENTIFIER
- control field: NUST
005 - DATE AND TIME OF LATEST TRANSACTION
- control field: 20210628205421.0
008 - FIXED-LENGTH DATA ELEMENTS
- fixed length control field: 210628|| aca||aabn | a|a d
040 ## - CATALOGING SOURCE
- Original cataloging agency: NUST
- Transcribing agency: NUST
100 ## - HEADING--PERSONAL NAME
- Personal name: Ball, Bill Smoogen, Stephen
670 ## - SOURCE DATA FOUND
- Source citation: Work cat.: (NUST): Ball, Bill Smoogen, Stephen, Sams teach yourself linux in 24 hours, 1998
